El Gobernador civil inauguró el grupo de 'Edificios San Jorge' / Estanis Verti
Publicado:
San Jorge, núm. 76 (4t trimestre 1969), pàg 59 :
MARC
| LEADER | 00000nam a2200000Ia 4500 | ||
|---|---|---|---|
| 001 | |||
| 008 | 160829s9999 xx 000 0 cat d | ||
| 100 | |a Vertí, Estanis |9 40364 | ||
| 245 | |a El Gobernador civil inauguró el grupo de 'Edificios San Jorge' / Estanis Verti | ||
| 260 | |a San Jorge, núm. 76 (4t trimestre 1969), pàg 59 | ||
| 600 | 1 | 0 | |a Garicano Goñi, Tomás, |d 1910-1988 |9 56121 |
| 650 | 0 | |a Habitatge |x Subvencions |9 40198 | |
| 650 | |a Habitatges |x Badalona |9 45478 | ||
| 901 | |a Arxiu | ||
| 942 | |n 1 | ||
| 952 | |0 0 |1 0 |4 0 |7 1 |9 49479 |a Arxiu |b Arxiu |d 2016-12-01 |l 0 |r 2016-12-01 00:00:00 |w 2016-12-01 |y ARXIU | ||
| 999 | |c 53321 |d 53321 | ||